00937nam a22002417a 4500999001700000003000900017008004100026040007100067082001800138100002200156245013700178260003500315300002800350505002300378650002700401650002900428650001600457700004400473700004300517942001600560945002100576952009800597 c19457d19457AR-CdUCM190517b ||||| |||| 00| 0 spa d aMUNICIPALIDAD PROVINCIAL DEL CUSCOcBIBLIOTECA MUNICIPAL DEL CUSCO a848.9 /bIO65 aIonesco, Eugéne aTeatro :bla cantante calva - la lección Jacobo o la sumisión - las sillas - victimas del deber amadeo o cómo salir del paso / aBuenos Aires :bLosada,c1961. a305 páginas ;c20 cm. aContenido: Teatro. aTeatro francés92444 aLiteratura Francesa9614 aSiglo XX98 aEchávarri, Luis (traducción)917724 aLemarchand, Jacques (prólogo)940794 2ddccLIBROS aachld2019-05-17 002ddc4070aSHbSHcCARTd2019-05-17g40.00o848.9 / IO65pSH0000014350r2019-05-17yLIBROS